KOHA-Header-6

Inquiry into Physics (Record no. 13822)

000 -LEADER
fixed length control field 00314nam a22001337a 4500
020 ## - INTERNATIONAL STANDARD BOOK NUMBER
ISBN 9781305959422
082 ## - DEWEY DECIMAL CLASSIFICATION NUMBER
Classification number 530
100 ## - MAIN ENTRY--AUTHOR NAME
Personal name Vern J. Ostdiek & Donald J. Bord
245 ## - TITLE STATEMENT
Title Inquiry into Physics
250 ## - EDITION STATEMENT
Edition statement 8th Edition
260 ## - PUBLICATION, DISTRIBUTION, ETC. (IMPRINT)
Place of publication Australia
Name of publisher Cengage Learning
300 ## - PHYSICAL DESCRIPTION
Number of Pages 2018
Other physical details 576 pages
942 ## - ADDED ENTRY ELEMENTS (KOHA)
Koha item type Books
Holdings
Withdrawn status Lost status Collection code Permanent Location Current Location Shelving location Date acquired Full call number Accession Number Koha item type
    Physics MAJU MAJU Shelf No.B31 2023-10-28 530 10908 Books

Powered by Koha